000 01194cam a2200301 a 4500
999 _c28591
_d28591
001 2069042
005 20170309141821.0
008 940711s1994 vaua b 001 0 eng
010 _a 94022689
020 _a0871202344 :
_c$13.95
040 _aDLC
_cDLC
_dDLC
043 _an-us---
050 0 0 _aLB2806.15.G587 1994
_b.G587 1994
082 0 0 _a375/.001
_221
100 1 _aGlatthorn, Allan A.,
_d1924-
245 1 0 _aDeveloping a quality curriculum /
_cAllan A. Glatthorn.
260 _aAlexandria, Va. :
_bAssociation for Supervision and Curriculum Development,
_cc1994.
300 _avii, 136 p. :
_bill. ;
_c23 cm.
500 _a"ASCD stock no.: 1-94170"--T.p. verso.
504 _aIncludes bibliographical references (p. 115-120) and index.
650 0 _aCurriculum planning
_zUnited States.
650 0 _aTotal quality management
_zUnited States.
906 _a7
_bcbc
_corignew
_d1
_eocip
_f19
_gy-gencatlg
942 _2lcc
_cBOOKS
_hLB2806.15.G587 1994